Normal view
MARC view
Entry Personal Name
001 - CONTROL NUMBER
- control field: 72472
003 - CONTROL NUMBER IDENTIFIER
- control field: dpl
005 - DATE AND TIME OF LATEST TRANSACTION
- control field: 20241008153437.0
008 - FIXED-LENGTH DATA ELEMENTS
- fixed length control field: 241008|| aca||aabn | a|a d
040 ## - CATALOGING SOURCE
- Original cataloging agency: dpl
- Transcribing agency: dpl
100 ## - HEADING--PERSONAL NAME
- Personal name: व्यास नदी की व्यथा
670 ## - SOURCE DATA FOUND
- Source citation: Work cat.: (dpl)206170: व्यास नदी की व्यथा, राजेन्द्र प्रसाद मिश्र, 2021
